000 00481nam a2200193 a 4500
001 1761987488891
003 YourLibrary
005 20251101143018.0
008 251101s2007##################000#0#eng##
020 _a9788131212288
082 0 4 _a612.64
_bMOO
100 1 _aMoore, Keith L.,
_eauthor.
245 1 0 _aThe Developing Human :
260 _c2007.
300 _a522 pages
650 0 _aEmbryology, Human.
942 _cENGLISH
040 _aYourLibrary
_beng
_cYourLibrary
999 _c595063
_d595063